Juguetes Mexicanos (Record no. 9869)

MARC details
000 -CABECERA
campo de control de longitud fija 00627nam a2200217 a 4500
001 - NÚMERO DE CONTROL
campo de control BRL_1057
005 - FECHA Y HORA DE LA ÚLTIMA TRANSACCIÓN
campo de control 20190320211020.0
008 - DATOS DE LONGITUD FIJA--INFORMACIÓN GENERAL
campo de control de longitud fija 061113s1930----mx-ao#####---#000-0#spa-#
041 ## - CÓDIGO DE LENGUA
Código de lengua del texto/banda sonora o título independiente spa
044 ## - CÓDIGO DEL PAÍS DE LA ENTIDAD EDITORA/PRODUCTORA
Código MARC del país mx
050 #4 - SIGNATURA TOPOGRÁFICA DE LA BIBLIOTECA DEL CONGRESO
Número de clasificación TS2301.T7
Número de documento/Ítem .F47 1930
100 1# - ENTRADA PRINCIPAL--NOMBRE DE PERSONA
Nombre de persona Fernández Ledesma, Gabriel
9 (RLIN) 25699
245 10 - MENCIÓN DE TÍTULO
Título Juguetes Mexicanos
Mención de responsabilidad, etc. G. Fernández Ledesma.
260 ## - PUBLICACIÓN, DISTRIBUCIÓN, ETC.
Lugar de publicación, distribución, etc. México, D.F.
Nombre del editor, distribuidor, etc. Talleres Gráficos de la Nación
Fecha de publicación, distribución, etc. 1930
300 ## - DESCRIPCIÓN FÍSICA
Extensión 53 p.
Otras características físicas il., 52 láminas
Dimensiones 23 cm.
500 ## - NOTA GENERAL
Nota general Au1164
500 ## - NOTA GENERAL
Nota general Estado físico: Lomo en mal estado
650 14 - PUNTO DE ACCESO ADICIONAL DE MATERIA--TÉRMINO DE MATERIA
Término de materia o nombre geográfico como elemento de entrada Juguetes
Subdivisión general Historia
Subdivisión geográfica México
9 (RLIN) 2601
902 ## - CATALOGADOR
Iniciales GRL
942 ## - ELEMENTOS DE PUNTO DE ACCESO ADICIONAL (KOHA)
Fuente del sistema de clasificación o colocación Library of Congress Classification
Tipo de ítem Koha Libros
Holdings
Estado de retiro Estado de pérdida Estado dañado No para préstamo Localización permanente Ubicación/localización actual Fecha de adquisición Número de inventario Total de préstamos Signatura topográfica completa Código de barras Fecha visto por última vez Precio válido a partir de Tipo de ítem Koha
El ejemplar forma parte de la colección y puede ser consultado según las políticas vigentes.       Biblioteca Centro de Estudios Ruth D. Lechuga Biblioteca Centro de Estudios Ruth D. Lechuga 06/11/2013 Au1164   TS2301.T7 .F47 1930 (Au1164) GRL01154 22/03/2019 22/03/2019 Libros